00249nam a2200097Ia 4500008004100000041000800041100002000049245002800069260003500097999001900132241105s9999 xx 000 0 und d aeng aDhamne Vrushali aSports Centre At Nashik bFinal Year B. Arch, BNCAc2014 c360847d360847